Statistics for NBA 2022 Trades

Click here to take the quiz!

General Stats

  • This quiz has been taken 157 times
  • The average score is 7 of 22

Answer Stats

Old TeamNew TeamPlayer% Correct
NetsSixersJames Harden
97%
SixersNetsBen Simmons
90%
MavericksWizardsKristaps Porzingis
78%
WizardsMavericksSpencer Dinwiddie
60%
SpursCelticsDerrick White
52%
PacersKingsDomantas Sabonis
48%
KingsPacersTyrese Haliburton
48%
KingsPacersBuddy Hield
44%
Trail BlazersPelicansCJ McCollum
33%
RocketsCelticsDaniel Theis
30%
HawksKnicksCam Reddish
28%
PacersCavsCaris LeVert
27%
ClippersBucksSerge Ibaka
24%
BucksKingsDonte DiVincenzo
21%
SunsPacersJalen Smith
17%
ClippersTrail BlazersEric Bledsoe
12%
JazzTrail BlazersJoe Ingles
10%
KingsPistonsMarvin Bagley
10%
WizardsHornetsMontrezl Harrell
8%
WizardsSunsAaron Holiday
3%
RaptorsSpursGoran Dragic
3%
CelticsRocketsDennis Shroder
2%

Score Distribution

Percentile by Number Answered

Percent of People with Each Score

Your Score History

You have not taken this quiz